<?xml version="1.0" encoding="utf-8"?>
<?xml-stylesheet type='text/xsl' href='./oai2.xsl'?>
<OAI-PMH xmlns="http://www.openarchives.org/OAI/2.0/" xmlns:xsi="http://www.w3.org/2001/XMLSchema-instance" xsi:schemaLocation="http://www.openarchives.org/OAI/2.0/ http://www.openarchives.org/OAI/2.0/OAI-PMH.xsd">
  <responseDate>2026-06-06T07:09:42Z</responseDate>
  <request verb="GetRecord" metadataPrefix="marcxml" identifier="record_kuniweb_160870">https://kulturerbe.niedersachsen.de/oai</request>
  <GetRecord>
    <record>
      <header>
        <identifier>record_kuniweb_160870</identifier>
        <datestamp>2025-08-28T09:38:22Z</datestamp>
        <setSpec>slg0217</setSpec>
      </header>
      <metadata>
        <marc:record xmlns:marc="http://www.loc.gov/MARC21/slim" xsi:schemaLocation="http://www.loc.gov/MARC21/slim http://www.loc.gov/standards/marcxml/schema/MARC21slim.xsd">
          <marc:leader>12345nkm  22     uu 4500</marc:leader>
          <marc:controlfield tag="001">160870</marc:controlfield>
          <marc:controlfield tag="003">http://kuniweb.gbv.de</marc:controlfield>
          <marc:controlfield tag="005">2020-08-21T16:41:09</marc:controlfield>
          <marc:controlfield tag="008">|           ||||||||||||||||||||||</marc:controlfield>
          <marc:datafield tag="245" ind1="1" ind2="0">
            <marc:subfield code="a">Coulisseneinlauf zum rückschlägigen Wasserrad für Herrn C. Solf in Großbodungen, 1880</marc:subfield>
          </marc:datafield>
          <marc:datafield tag="655" ind1=" " ind2="7">
            <marc:subfield code="a">Grafik</marc:subfield>
          </marc:datafield>
          <marc:datafield tag="046" ind1=" " ind2=" ">
            <marc:subfield code="k">1880-10-06</marc:subfield>
            <marc:subfield code="k">06.10.1880</marc:subfield>
          </marc:datafield>
          <marc:datafield tag="260" ind1=" " ind2=" ">
            <marc:subfield code="g">1880-10-06</marc:subfield>
            <marc:subfield code="g">06.10.1880</marc:subfield>
          </marc:datafield>
          <marc:datafield tag="520" ind1=" " ind2=" ">
            <marc:subfield code="a">Zeichnung - koloriert
Herstellungsort - Königshütte, (Bad) Lauterberg

Auftraggeber:
C. Solf, Großbodungen

Anmerkung zum Wasserrad:
Einen bedeutenden Fortschritt im Bau der unterschlächtigen Wasserräder stellte das von Poncelet eingeführte Rad mit gekrümmten Schaufeln dar. Dasselbe wird für Gefälle mit ½ und 1½ m angewandt. Beim Poncelet-Rad trifft das Wasser auf die Schaufeln beim Eintritt nahezu stoßfrei und wirkt alsdann, in dem es allmählich durch die Schaufeln aus seiner Richtung abgelenkt wird und so seine lebendige Kraft verliert, in der Hauptsache durch Letztere.
Quelle:
AD en ZU - TU Graz
https://diglib.tugraz.at › download



 (Förderkreis Königshütte Bad Lauterberg e.V.)

Maßstab: 1 zu 1</marc:subfield>
          </marc:datafield>
          <marc:datafield tag="650" ind1="1" ind2=" ">
            <marc:subfield code="a">Wasserrad</marc:subfield>
          </marc:datafield>
          <marc:datafield tag="650" ind1="1" ind2=" ">
            <marc:subfield code="a">Grafik, Fotografie &gt; Zeichnung</marc:subfield>
          </marc:datafield>
          <marc:datafield tag="650" ind1="1" ind2=" ">
            <marc:subfield code="a">Handwerk</marc:subfield>
          </marc:datafield>
          <marc:datafield tag="650" ind1="1" ind2=" ">
            <marc:subfield code="a">Großbodungen (Am Ohmberg, Eichsfeld, Thüringen)</marc:subfield>
          </marc:datafield>
          <marc:datafield tag="773" ind1="0" ind2=" ">
            <marc:subfield code="t">Maschinenelemente, Zubehör und Werkzeuge</marc:subfield>
          </marc:datafield>
          <marc:datafield tag="852" ind1=" " ind2=" ">
            <marc:subfield code="a">Industriedenkmal Königshütte Bad Lauterberg im Harz</marc:subfield>
          </marc:datafield>
          <marc:datafield tag="" ind1=" " ind2=" ">
            <marc:subfield code="a">Namensnennung - Nicht kommerziell - Keine Bearbeitungen 4.0 International (CC BY-NC-ND 4.0)</marc:subfield>
          </marc:datafield>
        </marc:record>
      </metadata>
    </record>
  </GetRecord>
</OAI-PMH>
